000 00634cam a2200229 i 4500
001 3194914
005 20180216075430.0
008 780215s1977 kyu b 001 0 eng
010 _a 77073706
020 _a0813113636 :
_c$13.50
040 _aDLC
_cDLC
_dDLC
041 _aeng
043 _an-us-ky
080 _a320
082 0 0 _a320 LYO
100 1 _a19
101 _aSHP
245 1 4 _aThe politics of city-county merger :
_cW. E. Lyons.
504 _aIncludes bibliographical references and index.
906 _a7
_bcbc
_corignew
_d2
_eopcn
_f19
_gy-gencatlg
942 _2ddc
_cBK
999 _c42818
_d42818